[Event "Bastia Summer op 1st"]
[Site "Bastia"]
[Date "2021.07.12"]
[Round "1"]
[White "Don Ignazi, Pierre Ange"]
[Black "Colijn, Stefan"]
[Result "0-1"]
[WhiteElo "1596"]
[BlackElo "2286"]
[PlyCount "56"]
[EventDate "2021.07.12"]
[EventType "swiss"]
[EventRounds "9"]
[EventCountry "FRA"]
[SourceTitle "CBM 203 Extra"]
[Source "ChessBase"]
[SourceDate "2021.09.30"]
[SourceVersion "1"]
[SourceVersionDate "2021.09.30"]
[SourceQuality "1"]

1. e4 e5 2. Nf3 Nf6 3. Nxe5 d6 4. Nf3 Nxe4 5. d3 Nf6 6. Nc3 Be7 7. Be2 0-0 8. 0-0 c5 9. d4 Nc6 10. dxc5 dxc5 11. Qxd8 Rxd8 12. Bf4 Bf5 13. Ne5 Nd4 14. Bc4 Ne6 15. Bg3 a6 16. a4 Bxc2 17. Nxf7 Kxf7 18. Rfe1 Bf5 19. Re5 Rd4 20. Bxe6+ Bxe6 21. Rae1 Rd6 22. f4 Bf8 23. f5 Bd7 24. Rxc5 Rc6 25. Rce5 Re8 26. Rxe8 Bxe8 27. Rd1 Bd7 28. Rf1 Rc5 0-1